[Event "GBR-ch107 Womens ch"]
[Site "Hull"]
[Date "2021.10.17"]
[Round "7.3"]
[White "Toma, Katarzyna"]
[Black "Hariharan, Shambavi"]
[Result "1-0"]
[WhiteElo "2254"]
[BlackElo "1109"]
[PlyCount "73"]
[EventDate "2021.10.14"]
[EventType "swiss"]
[EventRounds "7"]
[EventCountry "GBR"]
[SourceTitle "BritBase"]
[Source "John Saunders"]
[SourceDate "2021.06.05"]
[SourceVersion "1"]
[SourceVersionDate "2021.06.05"]
[SourceQuality "1"]

1. e4 c6 2. d4 d5 3. exd5 cxd5 4. Bd3 Nf6 5. Ne2 Nc6 6. c3 Bg4 7. O-O e6 8. Qe1
Bd6 9. f3 Bh5 10. Qh4 O-O 11. Nf4 Bg6 12. Nxg6 hxg6 13. Bg5 Be7 14. Nd2 Nd7 15.
f4 f5 16. Nf3 Nf6 17. Rae1 Qd7 18. Bb5 a6 19. Bxc6 Qxc6 20. Ne5 Qe8 21. Re3 Bd6
22. Bxf6 Rxf6 23. Nf3 g5 24. Nxg5 Rh6 25. Qg3 Qd7 26. Rfe1 Re8 27. Qf3 Bc7 28.
g3 Bd8 29. h4 Bxg5 30. fxg5 Rh7 31. g6 Rh6 32. Qxf5 a5 33. Rxe6 Rxe6 34. Rxe6
b5 35. Qe5 Kf8 36. Qb8+ Qe8 37. Qxe8# 1-0

[Event "GBR-ch107 Womens ch"]
[Site "Hull"]
[Date "2021.10.17"]
[Round "7.4"]
[White "Pyun, Lindsay"]
[Black "Singha, Swati"]
[Result "0-1"]
[WhiteElo "1443"]
[BlackElo "1438"]
[PlyCount "92"]
[EventDate "2021.10.14"]
[EventType "swiss"]
[EventRounds "7"]
[EventCountry "GBR"]
[SourceTitle "BritBase"]
[Source "John Saunders"]
[SourceDate "2021.06.05"]
[SourceVersion "1"]
[SourceVersionDate "2021.06.05"]
[SourceQuality "1"]

1. e4 e5 2. Nf3 Nc6 3. Bc4 h6 4. d3 Nf6 5. Nc3 Bc5 6. Be3 d6 7. h3 Nd4 8. Bxd4
exd4 9. Ne2 d5 10. exd5 Nxd5 11. Bxd5 Qxd5 12. a3 Bb6 13. Nf4 Qf5 14. Qd2 g5
15. Ne2 Qf6 16. O-O-O Be6 17. Rde1 O-O-O 18. Ng3 c5 19. Ne4 Qe7 20. c4 dxc3 21.
Qxc3 Kb8 22. Kb1 Qc7 23. Rc1 Rc8 24. Rc2 f5 25. Ng3 Qd7 26. Re1 Rhe8 27. Re5 g4
28. hxg4 fxg4 29. Nd2 Qf7 30. Nc4 Bxc4 31. dxc4 Red8 32. Re1 Rd4 33. Qe3 Rcd8
34. Qe5+ Ka8 35. Qe2 Qg6 36. Ka2 Ba5 37. Rec1 Bd2 38. Rxd2 Rxd2 39. Qe4 Qf6 40.
Rb1 Rxf2 41. Qe3 Rxg2 42. Nf1 Qh8 43. Qxc5 Rd1 44. Qb4 Rxb1 45. Kxb1 Rg1 46.
Qe1 Qf8 0-1

[Event "GBR-ch107 Over 50"]
[Site "Milton Keynes"]
[Date "2021.10.04"]
[Round "1.1"]
[White "Lewis, Andrew P"]
[Black "Waddington, Mike P"]
[Result "1-0"]
[WhiteElo "2243"]
[BlackElo "2047"]
[PlyCount "77"]
[EventDate "2021.10.04"]
[EventType "swiss"]
[EventRounds "7"]
[EventCountry "GBR"]
[SourceTitle "BritBase"]
[Source "John Saunders"]
[SourceDate "2021.06.05"]
[SourceVersion "1"]
[SourceVersionDate "2021.06.05"]
[SourceQuality "1"]

1. d4 f5 2. Nc3 d5 3. Bf4 a6 4. e3 Nf6 5. Nf3 e6 6. Bd3 c5 7. dxc5 Bxc5 8. O-O
O-O 9. Ne2 Nc6 10. c4 Nb4 11. Be5 b6 12. Nf4 Ra7 13. a3 Nxd3 14. Qxd3 dxc4 15.
Qxc4 Qe7 16. b4 Bd6 17. Rac1 Bd7 18. Bxd6 Qxd6 19. Rfd1 Qe7 20. Qd4 Ba4 21. Rd3
Bb5 22. Rd2 Ne4 23. Rdc2 g5 24. Nh5 Rd7 25. Qe5 Nf6 26. Nxf6+ Qxf6 27. Qxf6
Rxf6 28. Nxg5 e5 29. Nf3 Rfd6 30. h3 Rd5 31. Rc8+ Kg7 32. Kh2 Be2 33. Nh4 f4
34. Nf5+ Kf7 35. e4 Rd1 36. R1c6 Ra1 37. Rh8 Rdd1 38. Rxh7+ Kg8 39. Rg7+ 1-0

[Event "GBR-ch107 Over 50"]
[Site "Milton Keynes"]
[Date "2021.10.04"]
[Round "1.2"]
[White "Botham, C Paul"]
[Black "Duncan, Chris R"]
[Result "0-1"]
[WhiteElo "1944"]
[BlackElo "2225"]
[PlyCount "60"]
[EventDate "2021.10.04"]
[EventType "swiss"]
[EventRounds "7"]
[EventCountry "GBR"]
[SourceTitle "BritBase"]
[Source "John Saunders"]
[SourceDate "2021.06.05"]
[SourceVersion "1"]
[SourceVersionDate "2021.06.05"]
[SourceQuality "1"]

1. c4 c6 2. b3 d5 3. Bb2 Nf6 4. e3 Bf5 5. d4 e6 6. Nc3 Nbd7 7. Nf3 Bd6 8. Be2
O-O 9. O-O h6 10. Rc1 Qe7 11. c5 Bc7 12. b4 a6 13. a4 e5 14. Re1 Rfe8 15. Nd2
Nf8 16. Nf1 Ng6 17. Ng3 Nh4 18. Nxf5 Nxf5 19. Qd3 e4 20. Qc2 h5 21. b5 axb5 22.
axb5 Ng4 23. Bxg4 hxg4 24. g3 Qg5 25. Qe2 Re6 26. Qf1 Rae8 27. Ra1 Rh6 28. Ra7
Nh4 29. gxh4 Bxh2+ 30. Kh1 Qxh4 0-1

[Event "GBR-ch107 Over 50"]
[Site "Milton Keynes"]
[Date "2021.10.04"]
[Round "1.3"]
[White "Robson, Ian A"]
[Black "Hymer, Barry J"]
[Result "1-0"]
[WhiteElo "2189"]
[BlackElo "1870"]
[PlyCount "47"]
[EventDate "2021.10.04"]
[EventType "swiss"]
[EventRounds "7"]
[EventCountry "GBR"]
[SourceTitle "BritBase"]
[Source "John Saunders"]
[SourceDate "2021.06.05"]
[SourceVersion "1"]
[SourceVersionDate "2021.06.05"]
[SourceQuality "1"]

1. e4 d6 2. d4 Nf6 3. Nc3 Nbd7 4. Be3 e5 5. f3 Be7 6. g4 c6 7. Qd2 O-O 8. O-O-O
b5 9. Kb1 b4 10. Nce2 Nb6 11. Ng3 Rb8 12. Nf5 Na4 13. Ne2 Bxf5 14. gxf5 Qa5 15.
Ka1 c5 16. Rg1 Kh8 17. dxe5 dxe5 18. Nc1 Nc3 19. Qg2 Rg8 20. bxc3 bxc3 21. Bc4
Qb4 22. Nd3 Qa3 23. Bc1 Qa4 24. Nxe5 1-0

[Event "GBR-ch107 Over 50"]
[Site "Milton Keynes"]
[Date "2021.10.04"]
[Round "1.4"]
[White "Gibbs, Dominic V"]
[Black "Kett, Timothy J"]
[Result "1/2-1/2"]
[WhiteElo "1861"]
[BlackElo "2156"]
[PlyCount "130"]
[EventDate "2021.10.04"]
[EventType "swiss"]
[EventRounds "7"]
[EventCountry "GBR"]
[SourceTitle "BritBase"]
[Source "John Saunders"]
[SourceDate "2021.06.05"]
[SourceVersion "1"]
[SourceVersionDate "2021.06.05"]
[SourceQuality "1"]

1. e4 e5 2. Nf3 Nc6 3. Bb5 a6 4. Ba4 Nf6 5. O-O Be7 6. Qe2 b5 7. Bb3 O-O 8. c3
d5 9. d3 dxe4 10. dxe4 Bb7 11. Rd1 Bd6 12. Nbd2 Na5 13. Bc2 c5 14. Nf1 Qc7 15.
Bg5 Ne8 16. Ne3 f6 17. Bh4 Rd8 18. Nf5 g6 19. Nxd6 Rxd6 20. Nd2 Ng7 21. Nf1 Ne6
22. Rxd6 Qxd6 23. Rd1 Qc7 24. Ne3 Nf4 25. Qd2 Bc8 26. f3 Be6 27. Nd5 Bxd5 28.
exd5 Qd6 29. b3 c4 30. b4 Nb7 31. Bg3 Nh5 32. Bf2 Nf4 33. Be3 a5 34. a4 axb4
35. cxb4 c3 36. Qe1 Qxb4 37. Bxf4 exf4 38. axb5 Nd6 39. Qe6+ Kg7 40. Kh1 Nxb5
41. Rb1 Qd4 42. Qd7+ Rf7 43. Qxb5 Qd2 44. Qd3 Re7 45. h3 Re2 46. Qxd2 Rxd2 47.
Rc1 Rxd5 48. Kg1 Kh6 49. Kf1 Kg5 50. Bb3 Rc5 51. Kf2 Kh4 52. Bg8 h5 53. Bf7 g5
54. Rc2 f5 55. Be6 Rb5 56. Ba2 g4 57. hxg4 fxg4 58. fxg4 hxg4 59. Bc4 Rb2 60.
Bd3 Kg5 61. Ke2 Kf6 62. Be4 Ke5 63. Rxb2 cxb2 64. Bb1 Kd4 65. Kd2 Ke5 1/2-1/2

[Event "GBR-ch107 Over 50"]
[Site "Milton Keynes"]
[Date "2021.10.04"]
[Round "1.5"]
[White "Erdogan, Hassan"]
[Black "Crocker, Philip J"]
[Result "1-0"]
[WhiteElo "1842"]
[BlackElo "2109"]
[PlyCount "117"]
[EventDate "2021.10.04"]
[EventType "swiss"]
[EventRounds "7"]
[EventCountry "GBR"]
[SourceTitle "BritBase"]
[Source "John Saunders"]
[SourceDate "2021.06.05"]
[SourceVersion "1"]
[SourceVersionDate "2021.06.05"]
[SourceQuality "1"]

1. d4 d5 2. Nf3 Nf6 3. e3 c6 4. Nbd2 Bf5 5. Be2 e6 6. O-O h6 7. b3 Nbd7 8. Bb2
Bd6 9. c4 Qb8 10. c5 Bc7 11. Re1 O-O 12. Nf1 e5 13. Ng3 Bh7 14. dxe5 Nxe5 15.
Nxe5 Bxe5 16. Bxe5 Qxe5 17. Bd3 Bxd3 18. Qxd3 Rfe8 19. Red1 Ne4 20. Nxe4 Qxe4
21. Qxe4 Rxe4 22. Rd4 Rxd4 23. exd4 Re8 24. Kf1 Re4 25. Rd1 Kf8 26. Rd3 f5 27.
f3 Re7 28. b4 Kf7 29. a4 a6 30. b5 axb5 31. axb5 cxb5 32. Rb3 Ke8 33. Rxb5 Kd8
34. Rb6 Kc7 35. Rd6 Rd7 36. Re6 Rf7 37. f4 Rf6 38. Re7+ Kc6 39. Rxg7 Re6 40. g3
Re4 41. Rg6+ Kb5 42. Rb6+ Kc4 43. Rxb7 Kxd4 44. c6 Re6 45. Rf7 Ke4 46. c7 Rc6
47. Ke2 d4 48. Kd2 Rc5 49. Re7+ Kf3 50. Kd3 Kg2 51. Kxd4 Rc1 52. Kd5 Kxh2 53.
Rg7 h5 54. Ke5 Rc5+ 55. Kd6 Rc3 56. Kd7 Rd3+ 57. Ke6 Rc3 58. Kxf5 Kh3 59. Ke6
1-0

[Event "GBR-ch107 Over 50"]
[Site "Milton Keynes"]
[Date "2021.10.04"]
[Round "1.6"]
[White "Dargan, Paul A G"]
[Black "Kenning, Paul H"]
[Result "1-0"]
[WhiteElo "2075"]
[BlackElo "1805"]
[PlyCount "61"]
[EventDate "2021.10.04"]
[EventType "swiss"]
[EventRounds "7"]
[EventCountry "GBR"]
[SourceTitle "BritBase"]
[Source "John Saunders"]
[SourceDate "2021.06.05"]
[SourceVersion "1"]
[SourceVersionDate "2021.06.05"]
[SourceQuality "1"]

1. e4 d6 2. d4 Nf6 3. Nc3 e5 4. Nf3 Nbd7 5. Bc4 Be7 6. a4 c6 7. O-O Qc7 8. Re1
h6 9. h3 g5 10. Be3 Rg8 11. a5 g4 12. hxg4 Nxg4 13. d5 h5 14. a6 Nxe3 15. Rxe3
Nb6 16. axb7 Bxb7 17. dxc6 Nxc4 18. cxb7 Qxb7 19. Re1 Qd7 20. Nh2 h4 21. b3 Nb6
22. Re3 Bf6 23. Nd5 Nxd5 24. Qxd5 Ke7 25. Ra6 Rad8 26. Rd3 Rg6 27. Qa5 Qc8 28.
Rxa7+ Kf8 29. Qd5 Rg7 30. c4 Kg8 31. Rf3 1-0

[Event "GBR-ch107 Over 50"]
[Site "Milton Keynes"]
[Date "2021.10.04"]
[Round "1.7"]
[White "Woods, Timothy J"]
[Black "Mason, Donald J"]
[Result "0-1"]
[WhiteElo "1565"]
[BlackElo "2062"]
[PlyCount "52"]
[EventDate "2021.10.04"]
[EventType "swiss"]
[EventRounds "7"]
[EventCountry "GBR"]
[SourceTitle "BritBase"]
[Source "John Saunders"]
[SourceDate "2021.06.05"]
[SourceVersion "1"]
[SourceVersionDate "2021.06.05"]
[SourceQuality "1"]

1. e4 e5 2. Bc4 Nf6 3. d3 Nc6 4. Nf3 h6 5. O-O d6 6. c3 g5 7. Re1 Bg7 8. d4 Bg4
9. Nbd2 O-O 10. h3 Bd7 11. Nf1 g4 12. hxg4 Nxg4 13. Ng3 Qf6 14. d5 Ne7 15. Nh5
Qg6 16. Ng3 Bf6 17. Be2 Kh8 18. Qd2 Rg8 19. Nh2 Bg5 20. Qd3 Nxh2 21. Kxh2 Bf4
22. Qf3 Qg5 23. Rh1 Rg6 24. Kg1 Bxc1 25. Qxf7 Bf4 26. Rh5 Qf6 0-1

[Event "GBR-ch107 Over 50"]
[Site "Milton Keynes"]
[Date "2021.10.04"]
[Round "1.8"]
[White "Fraser-Mitchell, Jeremy N"]
[Black "Di Mattia, Luciano DM"]
[Result "1-0"]
[WhiteElo "2058"]
[BlackElo "1466"]
[PlyCount "93"]
[EventDate "2021.10.04"]
[EventType "swiss"]
[EventRounds "7"]
[EventCountry "GBR"]
[SourceTitle "BritBase"]
[Source "John Saunders"]
[SourceDate "2021.06.05"]
[SourceVersion "1"]
[SourceVersionDate "2021.06.05"]
[SourceQuality "1"]

1. d4 d6 2. c4 Nf6 3. Nc3 e5 4. d5 Be7 5. e4 O-O 6. Nf3 Re8 7. Be2 c6 8. O-O a5
9. Bd2 Nbd7 10. Qc2 Nc5 11. b3 Bd7 12. Rab1 Qc7 13. Rfc1 h6 14. a3 Bf8 15. h3
Qc8 16. Kh2 Nh7 17. b4 axb4 18. axb4 Na6 19. Na4 Qc7 20. Be3 c5 21. bxc5 dxc5
22. Nb6 Rab8 23. Nxd7 Qxd7 24. Qb2 Nf6 25. Nd2 Nb4 26. Ra1 b6 27. Ra3 Bd6 28.
Rca1 Rb7 29. f3 Qc7 30. Nb1 Qd7 31. Nc3 Reb8 32. Nb5 Ne8 33. Bd2 Nc7 34. Nxd6
Qxd6 35. Bxb4 cxb4 36. Rb3 f6 37. Rxb4 Qc5 38. Ra3 b5 39. cxb5 Nxb5 40. Ra5 Qc3
41. Raxb5 Rxb5 42. Bxb5 Qc5 43. Rb3 Kf8 44. Bc6 Rxb3 45. Qxb3 Qd4 46. Qb8+ Ke7
47. Qc7+ 1-0

[Event "GBR-ch107 Over 50"]
[Site "Milton Keynes"]
[Date "2021.10.05"]
[Round "2.1"]
[White "Mason, Donald J"]
[Black "Lewis, Andrew P"]
[Result "1-0"]
[WhiteElo "2062"]
[BlackElo "2243"]
[PlyCount "27"]
[EventDate "2021.10.04"]
[EventType "swiss"]
[EventRounds "7"]
[EventCountry "GBR"]
[SourceTitle "BritBase"]
[Source "John Saunders"]
[SourceDate "2021.06.05"]
[SourceVersion "1"]
[SourceVersionDate "2021.06.05"]
[SourceQuality "1"]

1. e4 c5 2. Nf3 Nc6 3. Bb5 e6 4. Bxc6 bxc6 5. b3 d6 6. e5 dxe5 7. Nxe5 Qd5 8.
Nf3 Qe4+ 9. Kf1 e5 10. Nc3 Qf5 11. Qe2 f6 12. Ne4 a5 13. a4 Ne7 14. Nd6+ 1-0

[Event "GBR-ch107 Over 50"]
[Site "Milton Keynes"]
[Date "2021.10.05"]
[Round "2.2"]
[White "Duncan, Chris R"]
[Black "Fraser-Mitchell, Jeremy N"]
[Result "1/2-1/2"]
[WhiteElo "2225"]
[BlackElo "2058"]
[PlyCount "77"]
[EventDate "2021.10.04"]
[EventType "swiss"]
[EventRounds "7"]
[EventCountry "GBR"]
[SourceTitle "BritBase"]
[Source "John Saunders"]
[SourceDate "2021.06.05"]
[SourceVersion "1"]
[SourceVersionDate "2021.06.05"]
[SourceQuality "1"]

1. Nf3 f5 2. d3 d6 3. e4 e5 4. Nc3 Nf6 5. exf5 Bxf5 6. d4 Nbd7 7. Bc4 Nb6 8.
dxe5 Nxc4 9. exf6 Qxf6 10. O-O Bg4 11. Nd5 Qf7 12. Re1+ Kd8 13. Ng5 Qd7 14. f3
Bf5 15. g4 h6 16. gxf5 hxg5 17. Bxg5+ Kc8 18. Re6 b5 19. a4 g6 20. Nf6 Qc6 21.
fxg6 Qc5+ 22. Kh1 Qxg5 23. axb5 Bg7 24. Ng4 Qxb5 25. Qe2 Bxb2 26. Rb1 Qd5 27.
g7 Bxg7 28. Re8+ Kd7 29. Re7+ Kc6 30. Rxg7 Rae8 31. Qd3 Qxd3 32. cxd3 Ne3 33.
Rc1+ Kb6 34. Nf6 Re6 35. Rb1+ Kc6 36. Rc1+ Kb6 37. Rb1+ Kc6 38. Rc1+ Kb6 39.
Nd7+ {(n.b. there may be moves missing at end of this game)} 1/2-1/2

[Event "GBR-ch107 Over 50"]
[Site "Milton Keynes"]
[Date "2021.10.05"]
[Round "2.3"]
[White "Williamson, Kevin J"]
[Black "Robson, Ian A"]
[Result "0-1"]
[WhiteElo "1859"]
[BlackElo "2189"]
[PlyCount "74"]
[EventDate "2021.10.04"]
[EventType "swiss"]
[EventRounds "7"]
[EventCountry "GBR"]
[SourceTitle "BritBase"]
[Source "John Saunders"]
[SourceDate "2021.06.05"]
[SourceVersion "1"]
[SourceVersionDate "2021.06.05"]
[SourceQuality "1"]

1. d4 d5 2. Nf3 Nf6 3. e3 e6 4. Bd3 Nbd7 5. Nbd2 Bd6 6. O-O O-O 7. Qe2 e5 8.
dxe5 Nxe5 9. Nxe5 Bxe5 10. Nf3 Bd6 11. c4 Re8 12. cxd5 Nxd5 13. Qc2 h6 14. Bc4
Nb6 15. Be2 Qf6 16. Bd2 Bf5 17. Qc3 Qe7 18. Rad1 c6 19. Nd4 Bg6 20. Bd3 Bxd3
21. Qxd3 Rad8 22. Qc2 Be5 23. Bc3 g6 24. Nf3 Bxc3 25. Qxc3 Nd5 26. Qb3 Qb4 27.
Qc2 Qb6 28. Rfe1 a5 29. Nh4 Kh7 30. b3 Qb4 31. Nf3 Qc3 32. Qb1 Qf6 33. Qc2 Nb4
34. Qe2 Rxd1 35. Rxd1 Rd8 36. a3 Qb2 37. Nd4 Qxe2 0-1

[Event "GBR-ch107 Over 50"]
[Site "Milton Keynes"]
[Date "2021.10.05"]
[Round "2.4"]
[White "Erdogan, Hassan"]
[Black "Dargan, Paul A G"]
[Result "1-0"]
[WhiteElo "1842"]
[BlackElo "2075"]
[PlyCount "117"]
[EventDate "2021.10.04"]
[EventType "swiss"]
[EventRounds "7"]
[EventCountry "GBR"]
[SourceTitle "BritBase"]
[Source "John Saunders"]
[SourceDate "2021.06.05"]
[SourceVersion "1"]
[SourceVersionDate "2021.06.05"]
[SourceQuality "1"]

1. d4 Nf6 2. Nf3 d5 3. e3 c5 4. b3 Nc6 5. Bb2 Bf5 6. Be2 h6 7. O-O e6 8. a3 Bd6
9. c4 dxc4 10. dxc5 Bxc5 11. Qxd8+ Rxd8 12. b4 Bb6 13. Bxc4 O-O 14. Nc3 Bd3 15.
Bxd3 Rxd3 16. Rfd1 Rfd8 17. Rxd3 Rxd3 18. Rd1 Rxd1+ 19. Nxd1 Ne4 20. Nc3 Nd6
21. Kf1 Nc4 22. Bc1 Kf8 23. Ke2 Ke7 24. Nd2 Nxd2 25. Kxd2 f5 26. Na4 Bc7 27.
Bb2 g5 28. g3 b5 29. Nc3 a6 30. f4 Bd6 31. Ke2 Nb8 32. fxg5 hxg5 33. e4 g4 34.
Ke3 Nd7 35. Ne2 Nb6 36. Bc1 Nc4+ 37. Kd3 Ne5+ 38. Ke3 Nc4+ 39. Kd3 Be5 40. exf5
exf5 41. Nd4 Kf6 42. a4 Nd6 43. a5 Ne4 44. Be3 Ng5 45. Bxg5+ Kxg5 46. Ne6+ Kf6
47. Nc5 f4 48. Nxa6 fxg3 49. hxg3 Bxg3 50. Nc5 Ke7 51. Ne4 Bb8 52. Nc3 g3 53.
Ke2 Bd6 54. a6 Bb8 55. Nxb5 Kd7 56. a7 Bxa7 57. Nxa7 Kc7 58. Nb5+ Kb6 59. Nc3
1-0

[Event "GBR-ch107 Over 50"]
[Site "Milton Keynes"]
[Date "2021.10.05"]
[Round "2.5"]
[White "Kett, Timothy J"]
[Black "McNally, Richard J E"]
[Result "1-0"]
[WhiteElo "2156"]
[BlackElo "1923"]
[PlyCount "43"]
[EventDate "2021.10.04"]
[EventType "swiss"]
[EventRounds "7"]
[EventCountry "GBR"]
[SourceTitle "BritBase"]
[Source "John Saunders"]
[SourceDate "2021.06.05"]
[SourceVersion "1"]
[SourceVersionDate "2021.06.05"]
[SourceQuality "1"]

1. e4 e5 2. f4 exf4 3. Nf3 h6 4. d4 g5 5. Nc3 Bg7 6. g3 d6 7. gxf4 g4 8. Rg1
gxf3 9. Rxg7 Qh4+ 10. Rg3 Bg4 11. Qd2 Nf6 12. Qf2 Nc6 13. d5 Ne7 14. Rxf3 Qh5
15. Rg3 O-O-O 16. h3 Rde8 17. hxg4 Nxg4 18. Bh3 f5 19. Bxg4 fxg4 20. Be3 Nf5
21. exf5 Rxe3+ 22. Rxe3 1-0

[Event "GBR-ch107 Over 50"]
[Site "Milton Keynes"]
[Date "2021.10.05"]
[Round "2.6"]
[White "Smith, Andrew Philip"]
[Black "Gibbs, Dominic V"]
[Result "1-0"]
[WhiteElo "2133"]
[BlackElo "1861"]
[PlyCount "89"]
[EventDate "2021.10.04"]
[EventType "swiss"]
[EventRounds "7"]
[EventCountry "GBR"]
[SourceTitle "BritBase"]
[Source "John Saunders"]
[SourceDate "2021.06.05"]
[SourceVersion "1"]
[SourceVersionDate "2021.06.05"]
[SourceQuality "1"]

1. e4 c5 2. Nf3 d6 3. d4 cxd4 4. Nxd4 Nf6 5. Nc3 Nc6 6. Bg5 e6 7. Be2 a6 8.
Nxc6 bxc6 9. Qd3 Be7 10. Rd1 Qa5 11. Bc1 O-O 12. O-O e5 13. f4 Ng4 14. g3 exf4
15. gxf4 Qh5 16. h3 Qc5+ 17. Kg2 Nf6 18. Be3 Qb4 19. a3 Qb8 20. Bc1 d5 21. e5
Ne4 22. Nxe4 dxe4 23. Qxe4 c5 24. Bf3 Ra7 25. f5 Re8 26. Qf4 Kh8 27. Rfe1 Bb7
28. Bxb7 Rxb7 29. b3 Qc8 30. Kh2 Rb6 31. Rf1 Qc6 32. Qf3 Qc7 33. Bf4 Qc6 34.
Qxc6 Rxc6 35. Rd7 c4 36. b4 Rb6 37. Rfd1 g5 38. Be3 Rbb8 39. Bd4 Kg8 40. Rg1 h6
41. h4 Rbd8 42. Rxd8 Bxd8 43. f6 Bc7 44. Kh3 Bxe5 45. Re1 1-0

[Event "GBR-ch107 Over 50"]
[Site "Milton Keynes"]
[Date "2021.10.05"]
[Round "2.7"]
[White "Crocker, Philip J"]
[Black "Hymer, Barry J"]
[Result "0-1"]
[WhiteElo "2109"]
[BlackElo "1870"]
[PlyCount "98"]
[EventDate "2021.10.04"]
[EventType "swiss"]
[EventRounds "7"]
[EventCountry "GBR"]
[SourceTitle "BritBase"]
[Source "John Saunders"]
[SourceDate "2021.06.05"]
[SourceVersion "1"]
[SourceVersionDate "2021.06.05"]
[SourceQuality "1"]

1. d4 Nf6 2. c4 d6 3. Nc3 Nbd7 4. Nf3 e5 5. g3 Be7 6. Bg2 c6 7. O-O O-O 8. e4
Re8 9. h3 a5 10. b3 Bf8 11. Bb2 exd4 12. Nxd4 Nc5 13. Re1 Bd7 14. Qd2 Qc7 15.
Rad1 Rad8 16. Qf4 Re5 17. Nf3 Ree8 18. g4 h6 19. Nh4 Ne6 20. Qg3 Bc8 21. Nf5
Kh7 22. Ba3 d5 23. Bxf8 Qxg3 24. fxg3 Nxf8 25. exd5 Rxe1+ 26. Rxe1 h5 27. dxc6
bxc6 28. Ne7 hxg4 29. Nxc8 Rxc8 30. Re7 Ne6 31. hxg4 Ng5 32. Re5 Kg6 33. Rxa5
Rd8 34. Re5 Rd3 35. Bxc6 Rxg3+ 36. Kf1 Rxc3 37. c5 Nxg4 38. Be4+ Nxe4 39. Rxe4
Kf5 40. Re7 Ne5 41. b4 Rc2 42. a4 g5 43. a5 g4 44. a6 g3 45. Rxe5+ Kxe5 46. b5
Kf4 47. a7 g2+ 48. Kg1 Kg3 49. a8=Q Rc1# 0-1

[Event "GBR-ch107 Over 50"]
[Site "Milton Keynes"]
[Date "2021.10.05"]
[Round "2.8"]
[White "Waddington, Mike P"]
[Black "Woods, Timothy J"]
[Result "1-0"]
[WhiteElo "2047"]
[BlackElo "1565"]
[PlyCount "37"]
[EventDate "2021.10.04"]
[EventType "swiss"]
[EventRounds "7"]
[EventCountry "GBR"]
[SourceTitle "BritBase"]
[Source "John Saunders"]
[SourceDate "2021.06.05"]
[SourceVersion "1"]
[SourceVersionDate "2021.06.05"]
[SourceQuality "1"]

1. d4 d6 2. e4 Nf6 3. Nc3 g6 4. Bg5 Bg7 5. Qd2 c6 6. f4 h6 7. Bh4 b5 8. Bd3 b4
9. Nce2 Qb6 10. Nf3 Nbd7 11. e5 Nd5 12. e6 Nf8 13. exf7+ Kxf7 14. O-O Ba6 15.
c4 bxc3 16. bxc3 Bxd3 17. Qxd3 Nf6 18. Rab1 Qc7 19. Ne5+ 1-0

[Event "GBR-ch107 Over 50"]
[Site "Milton Keynes"]
[Date "2021.10.05"]
[Round "2.9"]
[White "Kenning, Paul H"]
[Black "Botham, C Paul"]
[Result "0-1"]
[WhiteElo "1805"]
[BlackElo "1944"]
[PlyCount "66"]
[EventDate "2021.10.04"]
[EventType "swiss"]
[EventRounds "7"]
[EventCountry "GBR"]
[SourceTitle "BritBase"]
[Source "John Saunders"]
[SourceDate "2021.06.05"]
[SourceVersion "1"]
[SourceVersionDate "2021.06.05"]
[SourceQuality "1"]

1. d4 Nf6 2. Bf4 d5 3. e3 g6 4. Nc3 c6 5. Be2 Bg7 6. h4 h6 7. Nf3 Bg4 8. Ne5
Bxe2 9. Qxe2 Nbd7 10. g4 e6 11. O-O-O Qe7 12. f3 Nxe5 13. Bxe5 O-O-O 14. Na4
Qf8 15. Qe1 b6 16. Qc3 Kb7 17. Rd3 Ne8 18. Nc5+ bxc5 19. Qb3+ Ka8 20. Qa4 Rc8
21. Ra3 Qe7 22. Bg3 c4 23. Be1 Qb7 24. Bb4 Bf8 25. Bxf8 Rxf8 26. Qa5 Nd6 27.
Ra4 Rb8 28. b3 Qb6 29. Qc3 c5 30. Kd2 Rfc8 31. Rb1 cxd4 32. exd4 Nb5 33. Qe3
Qxd4+ 0-1

[Event "GBR-ch107 Over 50"]
[Site "Milton Keynes"]
[Date "2021.10.06"]
[Round "3.1"]
[White "Robson, Ian A"]
[Black "Mason, Donald J"]
[Result "1-0"]
[WhiteElo "2189"]
[BlackElo "2062"]
[PlyCount "103"]
[EventDate "2021.10.04"]
[EventType "swiss"]
[EventRounds "7"]
[EventCountry "GBR"]
[SourceTitle "BritBase"]
[Source "John Saunders"]
[SourceDate "2021.06.05"]
[SourceVersion "1"]
[SourceVersionDate "2021.06.05"]
[SourceQuality "1"]

1. e4 e5 2. Nf3 Nc6 3. d4 exd4 4. Nxd4 Qf6 5. Be3 Bc5 6. c3 Nge7 7. Bc4 O-O 8.
O-O Ne5 9. Be2 d5 10. f4 Qh6 11. Qd2 N5c6 12. Nb5 Bxe3+ 13. Qxe3 dxe4 14. Nxc7
Rb8 15. Na3 Nf5 16. Qxe4 Qd6 17. Nab5 Qc5+ 18. Kh1 a6 19. b4 Qe3 20. Nd6 Rd8
21. Rad1 Qxe4 22. Nxe4 Be6 23. Nxe6 fxe6 24. Bc4 Ne3 25. Bxe6+ Kf8 26. Rxd8+
Nxd8 27. Rf3 Nxg2 28. Nc5 Nxe6 29. Nxe6+ Ke7 30. Nxg7 Nh4 31. Rh3 Rg8 32. Rxh4
Rxg7 33. Rh6 Rf7 34. Kg2 Kf8 35. Kf3 Rc7 36. Kg4 Rxc3 37. Rxh7 b5 38. Rh3 Rc4
39. a3 a5 40. bxa5 Ra4 41. Kg5 Rxa5 42. f5 Kf7 43. Rc3 Ra7 44. Rb3 Ra5 45. h4
Kg7 46. h5 Kh7 47. Re3 Ra4 48. h6 Rc4 49. Re7+ Kh8 50. f6 Rc5+ 51. Kg6 Rc8 52.
f7 1-0

[Event "GBR-ch107 Over 50"]
[Site "Milton Keynes"]
[Date "2021.10.06"]
[Round "3.2"]
[White "Duncan, Chris R"]
[Black "Erdogan, Hassan"]
[Result "0-1"]
[WhiteElo "2225"]
[BlackElo "1842"]
[PlyCount "109"]
[EventDate "2021.10.04"]
[EventType "swiss"]
[EventRounds "7"]
[EventCountry "GBR"]
[SourceTitle "BritBase"]
[Source "John Saunders"]
[SourceDate "2021.06.05"]
[SourceVersion "1"]
[SourceVersionDate "2021.06.05"]
[SourceQuality "1"]

1. Nf3 d6 2. d4 Nf6 3. c4 Nbd7 4. Nc3 e5 5. Bg5 c6 6. e3 Be7 7. Qc2 a5 8. Bd3
Qc7 9. O-O O-O 10. Bxh7+ Kh8 11. Bf5 Nb6 12. c5 dxc5 13. dxe5 Nfd5 14. Rfd1
Nxc3 15. bxc3 Bxg5 16. Nxg5 g6 17. Qe4 Kg7 18. Bxc8 Raxc8 19. f4 Rce8 20. Rd6
Qxd6 21. exd6 Rxe4 22. Nxe4 Nd7 23. Kf2 Re8 24. Kf3 b5 25. g4 Rh8 26. Rh1 c4
27. h4 Nb6 28. Nc5 Rd8 29. Rd1 Nd5 30. Nb7 Rd7 31. Nxa5 Nxc3 32. Rd2 f5 33.
gxf5 gxf5 34. Nxc6 Ne4 35. Rg2+ Kf8 36. Nd4 Rxd6 37. Nxb5 Rb6 38. Nd4 c3 39.
Nxf5 Nd2+ 40. Ke2 Rb2 41. Nd4 Nb3+ 42. Kd3 Nxd4 43. Rg5 Ne2 44. Rc5 Rd2+ 45.
Kc4 c2 46. Kb5 c1=Q 47. Rxc1 Nxc1 48. a4 Nb3 49. Kc4 Na5+ 50. Kc3 Rh2 51. Kb4
Nb7 52. Kb5 Rxh4 53. Kb6 Nd6 54. a5 Nc4+ 55. Kb5 0-1